[Event "Gerthe- Oberhausen"]
[Site "?"]
[Date "2024.10.03"]
[Round "7.1"]
[White "Puetter, Pascal"]
[Black "Quast, Marcel"]
[Result "0-1"]
[WhiteElo "1991"]
[BlackElo "2163"]
[PlyCount "36"]
[SourceDate "2024.03.25"]

1. e4 e5 2. Nf3 d6 3. d4 exd4 4. Nxd4 Nf6 5. Nc3 Be7 6. g3 d5 7. exd5 Nxd5 8.
Bd2 Nxc3 9. Bxc3 O-O 10. Qf3 c5 11. Nf5 Bf6 12. Rd1 Qe8+ 13. Ne3 Bxc3+ 14. bxc3
Qe5 15. Bd3 Qxc3+ 16. Kf1 Nc6 17. Qd5 Qe5 18. Re1 Bh3+ 0-1

[Event "Gerthe- Oberhausen"]
[Site "?"]
[Date "2024.10.03"]
[Round "7.2"]
[White "Brueggestraß, Volker"]
[Black "Kyas, Jens"]
[Result "1/2-1/2"]
[WhiteElo "2037"]
[BlackElo "1873"]
[PlyCount "33"]
[SourceDate "2024.03.25"]

1. e4 e6 2. d4 d5 3. Nc3 dxe4 4. Nxe4 Nd7 5. Nf3 Ngf6 6. Nxf6+ Nxf6 7. Be3 Be7
8. Bd3 O-O 9. Qe2 b6 10. O-O-O a5 11. Ne5 Bb7 12. Rhg1 Nd5 13. f4 Nb4 14. Kb1
Nxd3 15. Qxd3 Qd5 16. c4 Qe4 17. Qxe4 1/2-1/2

[Event "Gerthe- Oberhausen"]
[Site "?"]
[Date "2024.10.03"]
[Round "7.3"]
[White "Heintze, Sven"]
[Black "Gottmann, Bernd"]
[Result "0-1"]
[WhiteElo "1824"]
[BlackElo "1970"]
[PlyCount "90"]
[SourceDate "2024.03.25"]

1. d4 g6 2. e4 Bg7 3. Nc3 d6 4. Be3 a6 5. Qd2 b5 6. Bd3 Bb7 7. f3 Nd7 8. Nge2
c5 9. dxc5 dxc5 10. Nxb5 axb5 11. Bxb5 Qc7 12. Nc3 Ngf6 13. O-O O-O 14. Rfd1
Rfd8 15. a4 Ba6 16. Qf2 Bxb5 17. Nxb5 Qc6 18. c4 Ne8 19. Ra2 Ne5 20. Rxd8 Rxd8
21. Qe2 Nc7 22. b3 Ne6 23. Rd2 Rxd2 24. Qxd2 Qd7 25. Qxd7 Nxd7 26. Kf2 Kf8 27.
Ke2 Ke8 28. Kd3 Kd8 29. Bd2 Nd4 30. Nxd4 Bxd4 31. f4 e5 32. h3 exf4 33. Bxf4
Ne5+ 34. Ke2 Nc6 35. Bd2 Ne5 36. Bf4 Kd7 37. Bg5 Bc3 38. Be3 Kc6 39. Bf2 Kd6
40. Bg3 f6 41. Bf4 g5 42. Bg3 Ke6 43. Bf2 Bb4 44. a5 Kd6 45. a6 Kc6 0-1

[Event "Gerthe- Oberhausen"]
[Site "?"]
[Date "2024.10.03"]
[Round "7.4"]
[White "Melmer, Felix"]
[Black "Kuckelkorn, Joerg"]
[Result "1-0"]
[WhiteElo "1899"]
[BlackElo "1813"]
[Annotator "daniel"]
[PlyCount "85"]
[SourceDate "2024.03.25"]

1. d4 f5 2. Bf4 Nf6 3. e3 g6 4. h4 h6 5. Nc3 c6 6. Qf3 d5 7. Qg3 Be6 8. Qxg6+
Kd7 9. Qg3 Nh5 10. Qh2 Nxf4 11. Qxf4 Qc7 12. Qf3 Bg7 13. Nh3 Rf8 14. Nf4 Bf7
15. g4 e5 16. Nd3 exd4 17. Qxf5+ Ke7 18. exd4 Bxd4 19. O-O-O Be6 20. Qh7+ Rf7
21. Qxh6 Bg7 22. Qg6 Nd7 23. Re1 Nf8 24. Qg5+ Bf6 25. Qd2 Nd7 26. f4 d4 27. Ne4
Kf8 28. Nxf6 Rxf6 29. g5 Bd5 30. Bg2 Rd6 31. h5 c5 32. Bxd5 Rxd5 33. h6 Nb6 34.
Ne5 Rxe5 35. Rxe5 Nc4 36. Rf5+ Kg8 37. Qh2 Qb6 $11 38. b3 Ne3 39. Rf6 Qb4 40.
Qh5 Qa3+ 41. Kb1 Kh8 42. Qg6 Rg8 43. Qxg8+ 1-0

[Event "Gerthe- Oberhausen"]
[Site "?"]
[Date "2024.10.03"]
[Round "7.5"]
[White "Zimmer, Miguel"]
[Black "Kalle, Yannis"]
[Result "1-0"]
[WhiteElo "1742"]
[BlackElo "1808"]
[PlyCount "33"]
[SourceDate "2024.03.25"]

1. d4 Nf6 2. Nf3 e6 3. Bf4 d5 4. e3 c5 5. Nbd2 cxd4 6. exd4 Bd6 7. Bg3 O-O 8.
Bd3 b6 9. Qe2 Nc6 10. c3 Re8 11. Ne5 Qc7 12. f4 Nd7 13. Bxh7+ Kf8 14. Nxf7 Kxf7
15. Qh5+ Kf8 16. Bg6 Rd8 17. Qh8+ 1-0

[Event "Gerthe- Oberhausen"]
[Site "?"]
[Date "2024.10.03"]
[Round "7.6"]
[White "Meise, Ulrich"]
[Black "Hortolani, Holger"]
[Result "0-1"]
[WhiteElo "1789"]
[BlackElo "2027"]
[PlyCount "78"]
[SourceDate "2024.03.25"]

1. e4 Nf6 2. Nc3 d5 3. exd5 Nxd5 4. Bc4 Nb6 5. Bb3 Nc6 6. Nf3 e6 7. d4 Be7 8.
O-O O-O 9. Be3 Na5 10. Qe2 Nxb3 11. axb3 Nd5 12. Bd2 b6 13. Rfe1 Bb7 14. Rad1
Nxc3 15. Bxc3 Qd5 16. Qe5 Qxe5 17. Nxe5 Rad8 18. f4 Rd5 19. Ng4 Rfd8 20. Ne3
R5d7 21. f5 Bh4 22. g3 Bg5 23. fxe6 fxe6 24. Nc4 c5 25. Rxe6 cxd4 26. Be1 Bd5
27. Re5 Bf6 28. Rf5 Be4 29. Rf2 Bg5 30. Ne5 Re7 31. Ng4 h5 32. h4 hxg4 33. hxg5
Bf3 34. Ra1 Rd5 35. Bd2 Kf7 36. Ra4 Rd8 37. c3 Rh8 38. Rxf3+ gxf3 39. Rxd4 Re2
0-1

[Event "Gerthe- Oberhausen"]
[Site "?"]
[Date "2024.10.03"]
[Round "7.7"]
[White "Barutta, Larissa"]
[Black "Loeffelbein, Klaus"]
[Result "1-0"]
[WhiteElo "1763"]
[BlackElo "1760"]
[PlyCount "63"]
[SourceDate "2024.03.25"]

1. d4 Nf6 2. c4 e6 3. Nf3 c5 4. Nc3 cxd4 5. Nxd4 a6 6. a3 Nc6 7. Nf3 Be7 8. e3
O-O 9. Be2 Qc7 10. O-O Rd8 11. Qc2 d5 12. cxd5 exd5 13. Rd1 h6 14. b4 Bg4 15.
Bb2 Bxf3 16. Bxf3 Ne5 17. Qe2 Qc4 18. Rac1 Qxe2 19. Bxe2 Nc4 20. Nxd5 Nxd5 21.
Bxc4 Nb6 22. Bb3 Rxd1+ 23. Bxd1 Rd8 24. Bd4 Nd5 25. Bf3 a5 26. bxa5 Bxa3 27.
Rb1 Rd7 28. g3 g6 29. Rb5 Nb4 30. Rxb7 Rd8 31. Bb6 Rd6 32. Bc5 1-0

[Event "Gerthe- Oberhausen"]
[Site "?"]
[Date "2024.10.03"]
[Round "7.8"]
[White "Boost, Juergen"]
[Black "Stratmann, Lars"]
[Result "0-1"]
[WhiteElo "1797"]
[BlackElo "1646"]
[PlyCount "66"]
[SourceDate "2024.03.25"]

1. e4 d6 2. d4 Nf6 3. Nc3 c6 4. Nf3 Bg4 5. Be2 Nbd7 6. Be3 e5 7. O-O Be7 8. h3
Bh5 9. Nd2 Bxe2 10. Qxe2 O-O 11. f4 Ne8 12. Rad1 exf4 13. Rxf4 Bg5 14. Rf3
Bxe3+ 15. Qxe3 b5 16. e5 dxe5 17. dxe5 Qc7 18. e6 Ne5 19. exf7+ Rxf7 20. Rxf7
Nxf7 21. Re1 Ned6 22. Qc5 Re8 23. Rxe8+ Nxe8 24. Nxb5 cxb5 25. Qxb5 Ned6 26.
Qb3 h6 27. a4 Qc5+ 28. Kf1 Qf5+ 29. Nf3 Ne4 30. Qb4 Ne5 31. Qb8+ Kh7 32. Qxe5
Nd2+ 33. Ke2 Nxf3 0-1

[Event "FS Dortmund - SK Sodingen/Castrop"]
[Site "?"]
[Date "2024.03.10"]
[Round "7.1"]
[White "Förster, Wolfgang"]
[Black "Khess, Igor"]
[Result "0-1"]
[WhiteElo "1975"]
[BlackElo "1978"]
[PlyCount "80"]
[EventDate "2024.??.??"]
[SourceDate "2024.03.25"]
[WhiteTeam "SK Sodingen/Castrop 24/23 e. V."]
[BlackTeam "Freier SPVER8 Dort"]

1. e4 c5 2. Nc3 Nc6 3. g3 g6 4. Bg2 Bg7 5. d3 Nf6 6. h3 O-O 7. Be3 d6 8. Qd2
Bd7 9. Nge2 Qc8 10. g4 Rb8 11. a4 b6 12. f4 e6 13. g5 Ne8 14. Ng3 Nd4 15. O-O
a6 16. Rae1 b5 17. axb5 axb5 18. Kh2 b4 19. Nd1 Nc7 20. c3 Nb3 21. Qf2 Nb5 22.
c4 N5d4 23. h4 f6 24. Bxd4 cxd4 25. Bh3 fxg5 26. hxg5 Nc5 27. Qd2 h6 28. Nf2 h5
29. Qe2 Rxf4 30. Nxh5 Rh4 31. Nxg7 Kxg7 32. Qf3 Qf8 33. Qg3 Qf4 34. e5 dxe5 35.
Rxe5 Na4 36. b3 Nc3 37. Ng4 Rxh3+ 38. Kxh3 Qxf1+ 39. Kh2 Ra8 40. Nf2 Ra2 0-1

[Event "FS Dortmund - SK Sodingen/Castrop"]
[Site "?"]
[Date "2024.03.10"]
[Round "7.2"]
[White "Alghawi, Abdullah"]
[Black "Ribbeheger, Edgar"]
[Result "0-1"]
[WhiteElo "1889"]
[BlackElo "1971"]
[PlyCount "108"]
[EventDate "2024.??.??"]
[SourceDate "2024.03.25"]
[WhiteTeam "Freier SPVER8 Dort"]
[BlackTeam "SK Sodingen/Castrop 24/23 e. V."]

1. Nf3 d5 2. g3 c5 3. Bg2 Nc6 4. O-O e5 5. d3 Be7 6. Nbd2 Be6 7. e4 d4 8. Nc4
Bxc4 9. dxc4 Nf6 10. Nh4 h5 11. f4 Ng4 12. Nf5 g6 13. Nxe7 Qxe7 14. h3 Ne3 15.
Bxe3 dxe3 16. c3 h4 17. Qf3 hxg3 18. Qxg3 exf4 19. Rxf4 Ne5 20. Qxe3 Nxc4 21.
Qd3 Ne5 22. Qb5+ Qd7 23. Qxd7+ Kxd7 24. Rd1+ Ke7 25. Rd5 f6 26. Rf1 b6 27. Rfd1
g5 28. b4 cxb4 29. cxb4 g4 30. hxg4 Rag8 31. Rc1 Rxg4 32. Rc7+ Ke6 33. Rc2 Rhg8
34. Kf1 Rf4+ 35. Rf2 Rh4 36. Rc2 Rg3 37. Rd8 Rf4+ 38. Rf2 Rxf2+ 39. Kxf2 Ra3
40. Rd2 Nd3+ 41. Ke3 Nxb4+ 42. Kf4 Nd3+ 43. Kg4 Ke5 44. Bf3 Nb4 45. Rd8 Rxa2
46. Re8+ Kd6 47. Rf8 Ke7 48. Rb8 Nc6 49. Rb7+ Ke6 50. Bd1 Ra3 51. Kf4 Ne5 52.
Be2 Kd6 53. Rb8 Kc7 54. Rf8 Ng6+ 0-1

[Event "FS Dortmund - SK Sodingen/Castrop"]
[Site "?"]
[Date "2024.03.10"]
[Round "7.3"]
[White "Reinholz, Benjamin"]
[Black "Schulz, Oliver"]
[Result "0-1"]
[WhiteElo "1981"]
[BlackElo "1955"]
[PlyCount "66"]
[EventDate "2024.??.??"]
[SourceDate "2024.03.25"]
[WhiteTeam "SK Sodingen/Castrop 24/23 e. V."]
[BlackTeam "Freier SPVER8 Dort"]

1. e4 d6 2. d4 Nf6 3. Nc3 c6 4. Nf3 Bg4 5. Be2 e6 6. Bg5 h6 7. Bh4 Be7 8. Qd3
d5 9. e5 Nfd7 10. Bg3 O-O 11. h3 Bh5 12. Bf4 c5 13. dxc5 Bxc5 14. g4 Bg6 15.
Qd2 Nc6 16. h4 d4 17. Na4 Bb4 18. c3 dxc3 19. Nxc3 Nc5 20. O-O Qxd2 21. Bxd2
Nd3 22. Bxd3 Bxd3 23. Rfe1 Rfd8 24. a3 Be7 25. Rac1 Rd7 26. Na4 Rd5 27. Nc3
Rdd8 28. Na4 Rac8 29. Nc5 Bxc5 30. Rxc5 Nd4 31. Rxc8 Nxf3+ 32. Kh1 Rxc8 33. Re3
Nxd2 0-1

[Event "FS Dortmund - SK Sodingen/Castrop"]
[Site "?"]
[Date "2024.03.10"]
[Round "7.4"]
[White "Brendemühl, Bernd"]
[Black "Haberhausen, Ansgar"]
[Result "1-0"]
[WhiteElo "1977"]
[BlackElo "2006"]
[PlyCount "73"]
[EventDate "2024.??.??"]
[SourceDate "2024.03.25"]
[WhiteTeam "Freier SPVER8 Dort"]
[BlackTeam "SK Sodingen/Castrop 24/23 e. V."]

1. e4 c6 2. d4 d5 3. Nc3 dxe4 4. Nxe4 Nd7 5. Nf3 Ngf6 6. Ng3 e6 7. Bd3 c5 8. c3
b6 9. O-O Bb7 10. Re1 Be7 11. Ne5 O-O 12. f4 cxd4 13. cxd4 Bb4 14. Bd2 Nxe5 15.
dxe5 Qd5 16. Re2 Bc5+ 17. Kh1 Ng4 18. Be4 Qd7 19. Bxb7 Qxb7 20. Qe1 Rfd8 21. h3
Nh6 22. Bc3 Rd3 23. Kh2 Rad8 24. Ne4 Nf5 25. Nxc5 bxc5 26. Qf2 Qd5 27. Rc1 Rd7
28. b4 c4 29. a4 g6 30. b5 Ng3 31. Rec2 Ne4 32. Qg1 Nc5 33. Bb4 Nb3 34. Rxc4
Nxc1 35. Qxc1 Rd4 36. Rc8+ Rd8 37. Bd6 1-0

[Event "FS Dortmund - SK Sodingen/Castrop"]
[Site "?"]
[Date "2024.03.10"]
[Round "7.5"]
[White "Baumeister, Christoph"]
[Black "Mewes, Karsten"]
[Result "1/2-1/2"]
[WhiteElo "1920"]
[BlackElo "1936"]
[PlyCount "35"]
[EventDate "2024.??.??"]
[SourceDate "2024.03.25"]
[WhiteTeam "SK Sodingen/Castrop 24/23 e. V."]
[BlackTeam "Freier SPVER8 Dort"]

1. d4 g6 2. c4 Bg7 3. e4 c5 4. Nf3 cxd4 5. Nxd4 Nc6 6. Be3 d6 7. Nc3 Nf6 8. Be2
O-O 9. O-O Bd7 10. Qd2 Nxd4 11. Bxd4 Bc6 12. f3 Nd7 13. b4 Bxd4+ 14. Qxd4 Qb6
15. Qxb6 Nxb6 16. b5 Bd7 17. Nd5 Nxd5 18. cxd5 1/2-1/2

[Event "FS Dortmund - SK Sodingen/Castrop"]
[Site "?"]
[Date "2024.03.10"]
[Round "7.6"]
[White "Grube, JÃ¶rg"]
[Black "Schriewer, Thomas"]
[Result "0-1"]
[WhiteElo "1835"]
[BlackElo "1874"]
[PlyCount "70"]
[EventDate "2024.??.??"]
[SourceDate "2024.03.25"]
[WhiteTeam "Freier SPVER8 Dort"]
[BlackTeam "SK Sodingen/Castrop 24/23 e. V."]

1. e4 c5 2. Nf3 Nc6 3. d4 cxd4 4. Nxd4 Nf6 5. Nc3 e5 6. Ndb5 d6 7. Bg5 a6 8.
Na3 b5 9. Bxf6 gxf6 10. Nd5 f5 11. c3 Bg7 12. exf5 Bxf5 13. Nc2 O-O 14. Nce3
Be6 15. Bd3 f5 16. O-O Ra7 17. f4 e4 18. Bc2 Ne7 19. Nxe7+ Qxe7 20. Bb3 Kh8 {
(=)} 21. Bxe6 Qxe6 22. Qd2 Rd8 23. Nd5 Qc8 24. Rad1 Qc5+ 25. Qe3 Rad7 26. Rd2
a5 27. Kf2 b4 28. cxb4 axb4 29. Rfd1 h6 30. b3 Ra7 31. Nxb4 Rda8 32. Qxc5 dxc5
33. Nd5 Rxa2 34. Ne7 Rxd2+ 35. Rxd2 e3+ 0-1

[Event "FS Dortmund - SK Sodingen/Castrop"]
[Site "?"]
[Date "2024.03.10"]
[Round "7.7"]
[White "Zwielich, Frank"]
[Black "Schläger, Reiner"]
[Result "1-0"]
[WhiteElo "1938"]
[BlackElo "1596"]
[PlyCount "43"]
[EventDate "2024.??.??"]
[SourceDate "2024.03.25"]
[WhiteTeam "SK Sodingen/Castrop 24/23 e. V."]
[BlackTeam "Freier SPVER8 Dort"]

1. d4 Nf6 2. g3 d5 3. Bg2 e6 4. Nf3 c5 5. O-O cxd4 6. Nxd4 Qb6 7. c4 Bc5 8. Nb3
dxc4 9. Nxc5 Qxc5 10. b3 Qe5 11. Ba3 Nd5 12. Nd2 b5 13. bxc4 Nc3 14. Qb3 Nxe2+
15. Kh1 Nd4 16. Qc3 Nbc6 17. Rfe1 Qb8 18. cxb5 Qxb5 {(=)} 19. Nb3 Bb7 20. Nxd4
Nxd4 21. Qxd4 Bxg2+ 22. Kxg2 1-0

[Event "FS Dortmund - SK Sodingen/Castrop"]
[Site "?"]
[Date "2024.03.10"]
[Round "7.8"]
[White "Schulz-Runge, Michael"]
[Black "Lucke, Thomas"]
[Result "1-0"]
[WhiteElo "1737"]
[BlackElo "1883"]
[PlyCount "41"]
[EventDate "2024.??.??"]
[SourceDate "2024.03.25"]
[WhiteTeam "Freier SPVER8 Dort"]
[BlackTeam "SK Sodingen/Castrop 24/23 e. V."]

1. c4 c6 2. Nc3 d5 3. e3 Nf6 4. Nf3 e6 5. b3 Be7 6. Bb2 O-O 7. Be2 b6 8. Qc2
Bb7 9. Rg1 Nbd7 10. g4 e5 11. g5 Ne8 12. h4 e4 13. Nxe4 dxe4 14. Qxe4 f5 15.
gxf6 Ndxf6 16. Qe6+ Kh8 17. Ne5 Nd6 18. Qh3 Nf7 19. Qg2 Ne8 20. Nxc6 Bxc6 21.
Bxg7+ 1-0

[Event "Eichlinghofen- OSV 2"]
[Site "?"]
[Date "2024.10.03"]
[Round "7.1"]
[White "Joergens, Markus"]
[Black "Scholz, Christian"]
[Result "0-1"]
[WhiteElo "2011"]
[BlackElo "2260"]
[PlyCount "46"]
[SourceDate "2024.03.25"]

1. d4 Nf6 2. c4 g6 3. Nc3 Bg7 4. e4 d6 5. Be2 O-O 6. Bg5 Na6 7. Nf3 h6 8. Be3
e5 9. d5 Ng4 10. Bd2 f5 11. h3 Nf6 12. exf5 gxf5 13. Qc1 Kh7 14. Qc2 Nb4 15.
Qb1 e4 16. Nh2 c6 17. a3 Na6 18. g4 Qe8 19. gxf5 Bxf5 20. Ng4 Nxd5 21. cxd5 e3
22. Bd3 exd2+ 23. Kxd2 Qg6 0-1

[Event "Eichlinghofen- OSV 2"]
[Site "?"]
[Date "2024.10.03"]
[Round "7.2"]
[White "Watzlawek, Markus"]
[Black "Matzat, Andre"]
[Result "1-0"]
[WhiteElo "2015"]
[BlackElo "2051"]
[PlyCount "93"]
[SourceDate "2024.03.25"]

1. d4 d5 2. Nf3 Nf6 3. c4 c6 4. Nc3 dxc4 5. a4 Bf5 6. e3 e6 7. Bxc4 Bb4 8. O-O
O-O 9. Qe2 Ne4 10. Bd3 Bxc3 11. bxc3 Nxc3 12. Qc2 Bxd3 13. Qxd3 Nd5 14. Rb1 b6
15. e4 Ne7 16. Ba3 c5 17. Rfd1 Nd7 18. Qe3 Qc7 19. Rbc1 Rfd8 20. h4 h6 21. Rd2
Rac8 22. Rdc2 Qc6 23. Rc4 a6 24. dxc5 b5 25. axb5 axb5 26. Nd4 Qa6 27. Rb4 Ne5
28. Rb3 Nc4 29. Qc3 Nxa3 30. Rxa3 Qb7 31. c6 Qb6 32. Ne2 Rxc6 33. Qb2 Rxc1+ 34.
Qxc1 b4 35. Rb3 Qb5 36. Nf4 Nc6 37. Qb2 Qc4 38. Nh5 f6 39. Rg3 Rd1+ 40. Kh2 Qd4
41. Rxg7+ Kf8 42. Qe2 Rd2 43. Qg4 Rxf2 44. Qg6 Ne5 45. Rg8+ Ke7 46. Qg7+ Nf7
47. Qf8+ 1-0

[Event "Eichlinghofen- OSV 2"]
[Site "?"]
[Date "2024.10.03"]
[Round "7.5"]
[White "Gerst, Michael"]
[Black "Dreier, Daniel"]
[Result "1/2-1/2"]
[WhiteElo "1905"]
[BlackElo "1930"]
[PlyCount "33"]
[SourceDate "2024.03.25"]

1. e4 d6 2. d4 g6 3. Nc3 Bg7 4. g3 Nf6 5. Bg2 Nc6 6. Nge2 e5 7. h3 exd4 8. Nxd4
Nxd4 9. Qxd4 O-O 10. O-O Re8 11. Qd1 Nd7 12. Re1 Nc5 13. Bf4 Bd7 14. Qd2 Bc6
15. Bh6 Bh8 16. Rab1 a5 17. Nd5 1/2-1/2

[Event "Eichlinghofen- OSV 2"]
[Site "?"]
[Date "2024.10.03"]
[Round "7.6"]
[White "Wloka, Sebastian"]
[Black "Kraus, Kilian"]
[Result "1/2-1/2"]
[WhiteElo "1913"]
[BlackElo "1909"]
[PlyCount "53"]
[SourceDate "2024.03.25"]

1. d4 d5 2. c4 c6 3. e3 Nf6 4. Nc3 e6 5. Nf3 Nbd7 6. b3 Bb4 7. Bd2 Qe7 8. Be2
e5 9. cxd5 cxd5 10. dxe5 Nxe5 11. Nb5 O-O 12. Nxe5 Bxd2+ 13. Qxd2 Qxe5 14. Rd1
Be6 15. O-O a6 16. Qd4 Qxd4 17. Nxd4 Rac8 18. Bf3 Rc3 19. Rd2 Rfc8 20. h3 Kf8
21. Rfd1 Ke7 22. Ne2 Rc2 23. Nf4 h6 24. a4 g5 25. Nxd5+ Bxd5 26. Bxd5 Rxd2 27.
Rxd2 1/2-1/2

[Event "Eichlinghofen- OSV 2"]
[Site "?"]
[Date "2024.10.03"]
[Round "7.7"]
[White "Groß, Thomas"]
[Black "Scholz, Benedict"]
[Result "1-0"]
[WhiteElo "1903"]
[BlackElo "1924"]
[PlyCount "91"]
[SourceDate "2024.03.25"]

1. Nf3 Nf6 2. g3 g6 3. b3 Bg7 4. Bb2 O-O 5. Bg2 d6 6. d4 b5 7. Qd3 a6 8. Nbd2
Bb7 9. O-O Nbd7 10. c4 Rb8 11. e3 e5 12. Qc2 Ne8 13. Rfd1 Qe7 14. dxe5 dxe5 15.
Rac1 f5 16. c5 c6 17. b4 Nc7 18. Nb3 Nd5 19. a3 e4 20. Bxg7 Kxg7 21. Nfd4 Ne5
22. Na5 h5 23. Nxb7 Rxb7 24. Nxc6 Nxc6 25. Rxd5 Rf6 26. Qc3 Kh7 27. Rcd1 Rc7
28. Rd6 Rf7 29. R1d5 Qe8 30. Bf1 Qc8 31. Rf6 Rg7 32. Rdd6 Nb8 33. c6 Rgf7 34.
Rxg6 Qf8 35. Qe5 Rce7 36. Qf4 Rg7 37. Rdf6 Qc8 38. Qh6+ Kg8 39. Qxh5 Rxg6 40.
Rxg6+ Rg7 41. Rh6 Rc7 42. Rh8+ Kg7 43. Qh6+ Kf7 44. Rh7+ Ke8 45. Qg6+ Kf8 46.
Qf6+ 1-0

[Event "Eichlinghofen- OSV 2"]
[Site "?"]
[Date "2024.10.03"]
[Round "7.8"]
[White "Behle, Burkhard"]
[Black "Kohl, Niclas"]
[Result "1/2-1/2"]
[WhiteElo "1824"]
[BlackElo "1765"]
[PlyCount "37"]
[SourceDate "2024.03.25"]

1. c4 Nf6 2. Nc3 e5 3. g3 h5 4. Bg2 Nc6 5. a3 h4 6. d3 hxg3 7. hxg3 Rxh1 8.
Bxh1 Bc5 9. e3 a6 10. Nd5 d6 11. Qf3 Be6 12. Nxf6+ Qxf6 13. Qxf6 gxf6 14. Bd2
Kd7 15. Bc3 Bf5 16. Rd1 Re8 17. Kf1 Nd8 18. Bg2 Be6 19. Bh3 1/2-1/2

[Event "Eichlinghofen- OSV 2"]
[Site "?"]
[Date "2024.10.03"]
[Round "7.3"]
[White "Seibert, Michael"]
[Black "Brockmann, Michael"]
[Result "1-0"]
[WhiteElo "1925"]
[BlackElo "2045"]
[PlyCount "81"]
[SourceDate "2024.03.25"]

1. g3 d5 2. Bg2 e5 3. c4 c6 4. cxd5 cxd5 5. d4 e4 6. Nc3 Be6 7. Nh3 Nc6 8. O-O
Qd7 9. Nf4 Nge7 10. f3 f5 11. fxe4 fxe4 12. Nxe6 Qxe6 13. Nb5 O-O-O 14. Bf4 a6
15. a4 Ng6 16. Rc1 Nxf4 17. Na7+ Kb8 18. Nxc6+ bxc6 19. Rxf4 Be7 20. Qb3+ Ka7
21. Rxe4 Qd7 22. Bh3 Qc7 23. Re6 Rd6 24. Qc3 Rhd8 25. e4 dxe4 26. Qc5+ Ka8 27.
Qc4 Qa7 28. Rxe4 Bf6 29. Bg2 Qb6 30. Kh1 Ka7 31. h4 R8d7 32. Re6 Qxd4 33. Rxd6
Rxd6 34. Qf7+ Kb6 35. Qe8 Qe5 36. Qb8+ Ka5 37. Qc7+ Kxa4 38. Ra1+ Kb3 39. Qb6+
Qb5 40. Qe3+ Rd3 41. Ra3+ 1-0

[Event "Eichlinghofen- OSV 2"]
[Site "?"]
[Date "2024.10.03"]
[Round "7.4"]
[White "Schuette, Tobias"]
[Black "Stefaniak, Christian"]
[Result "1/2-1/2"]
[WhiteElo "1988"]
[BlackElo "1904"]
[PlyCount "42"]
[SourceDate "2024.03.25"]

1. b4 e6 2. Bb2 d5 3. e3 Nf6 4. a3 Nbd7 5. Nf3 a5 6. b5 Bd6 7. d4 Nb6 8. c4
Nxc4 9. Bxc4 dxc4 10. Qc2 Bd7 11. e4 Be7 12. Nc3 O-O 13. O-O c6 14. Rad1 cxb5
15. d5 Qc7 16. d6 Bxd6 17. Rxd6 b4 18. Rfd1 Bc6 19. e5 bxc3 20. Qxc3 Ne4 21.
Qxc4 Qb6 1/2-1/2

[Event "Annen- Dorsten"]
[Site "?"]
[Date "2024.10.03"]
[Round "7.1"]
[White "Ahling, Michael"]
[Black "Dahlbeck, Mirko"]
[Result "1/2-1/2"]
[WhiteElo "2128"]
[BlackElo "1997"]
[PlyCount "87"]
[SourceDate "2024.03.25"]

1. d4 d5 2. Bf4 c5 3. e3 Nc6 4. c3 Bf5 5. Qb3 Qd7 6. Nf3 e6 7. Nbd2 c4 8. Qd1
b5 9. Nh4 Be4 10. f3 Bg6 11. e4 Be7 12. Nxg6 hxg6 13. g3 Nf6 14. Bg2 Qb7 15. a3
a5 16. O-O O-O 17. Bg5 Nd7 18. exd5 exd5 19. f4 Nb6 20. Bxe7 Qxe7 21. Re1 Qd6
22. Qc2 b4 23. f5 b3 24. Qb1 Ne7 25. fxg6 Nxg6 26. Nf3 Rae8 27. Qf5 Nd7 28. Ng5
Nf6 29. Rf1 Re2 30. Rae1 Rfe8 31. Rxe2 Rxe2 32. Qc8+ Qf8 33. Qb7 Qe8 34. h4 Ne7
35. Rf2 Re1+ 36. Rf1 Re2 37. Rf2 Rxf2 38. Kxf2 Ng4+ 39. Kf3 Nf6 40. Bh3 Ng6 41.
Qc8 Qxc8 42. Bxc8 Ne7 43. Bh3 g6 44. Ke3 1/2-1/2

[Event "Annen- Dorsten"]
[Site "?"]
[Date "2024.10.03"]
[Round "7.2"]
[White "Mainka, Gregor"]
[Black "Hermanowski, Mark"]
[Result "1-0"]
[WhiteElo "2094"]
[BlackElo "1906"]
[PlyCount "77"]
[SourceDate "2024.03.25"]

1. Nf3 e6 2. b3 b6 3. g3 Bb7 4. Bg2 Nc6 5. Bb2 h5 6. c4 Nge7 7. d4 Ng6 8. h4
Nce7 9. Nc3 d6 10. O-O Nf5 11. e4 Nh6 12. Qe2 Ng4 13. Rfe1 Be7 14. e5 Rb8 15.
Rad1 Bxf3 16. Bxf3 Bxh4 17. Bxg4 hxg4 18. Qxg4 dxe5 19. dxe5 Qg5 20. Qxg5 Bxg5
21. Nb5 Bd8 22. Nxa7 Ne7 23. Nb5 Nf5 24. a4 Rb7 25. Kg2 Be7 26. Re2 Bc5 27.
Red2 O-O 28. Rd7 f6 29. exf6 gxf6 30. Rxc7 Rbb8 31. Rdd7 e5 32. g4 Nh4+ 33. Kg3
Rfd8 34. Kxh4 Bxf2+ 35. Kh5 Rxd7 36. Rxd7 Re8 37. Kg6 Bh4 38. Rg7+ Kf8 39. Ba3+
1-0

[Event "Annen- Dorsten"]
[Site "?"]
[Date "2024.10.03"]
[Round "7.3"]
[White "Czubak, Michael"]
[Black "Wicht, Juergen"]
[Result "1/2-1/2"]
[WhiteElo "1869"]
[BlackElo "2021"]
[PlyCount "80"]
[SourceDate "2024.03.25"]

1. e4 d6 2. Nc3 e5 3. Nf3 Nf6 4. d4 exd4 5. Qxd4 Be7 6. h3 Nc6 7. Bb5 O-O 8.
Bxc6 bxc6 9. Be3 Rb8 10. O-O-O Be6 11. Ng5 Qc8 12. Nxe6 Qxe6 13. f4 a5 14. f5
Qc8 15. Qa4 Qa6 16. a3 Nd7 17. Bd4 Bg5+ 18. Kb1 Qb7 19. b3 Nb6 20. Bxb6 Qxb6
21. e5 dxe5 22. Qg4 Qe3 23. Qc4 Be7 24. Rhe1 Qc5 25. Qxc5 Bxc5 26. Rxe5 Bxa3
27. Na4 Bb4 28. Kb2 Rb5 29. Rxb5 cxb5 30. Nc3 c6 31. Rd7 Rc8 32. g4 Kf8 33. Ne4
a4 34. bxa4 bxa4 35. Rb7 Be7 36. c4 Ke8 37. c5 Rd8 38. Kc3 Rd5 39. Kc4 Re5 40.
Kd4 Rd5+ 1/2-1/2

[Event "Annen- Dorsten"]
[Site "?"]
[Date "2024.10.03"]
[Round "7.4"]
[White "Herrmann, Uwe"]
[Black "Tig, Achmet"]
[Result "1/2-1/2"]
[WhiteElo "1873"]
[BlackElo "1945"]
[PlyCount "37"]
[SourceDate "2024.03.25"]

1. d4 Nf6 2. c4 g6 3. Nc3 Bg7 4. e4 d6 5. f3 O-O 6. Be3 Nc6 7. Nge2 a6 8. Qd2
Rb8 9. Nc1 e5 10. Nb3 exd4 11. Nxd4 Re8 12. Be2 Qe7 13. O-O Qe5 14. Rfd1 Bd7
15. Nd5 Nxd5 16. cxd5 Nxd4 17. Bxd4 Qxd4+ 18. Qxd4 Bxd4+ 19. Rxd4 1/2-1/2

[Event "Annen- Dorsten"]
[Site "?"]
[Date "2024.10.03"]
[Round "7.5"]
[White "Heinrichs, Maximilian"]
[Black "Zadow, Ralf"]
[Result "1-0"]
[WhiteElo "1823"]
[BlackElo "1848"]
[PlyCount "121"]
[SourceDate "2024.03.25"]

1. e4 d6 2. d4 c6 3. Bd3 Qc7 4. Nf3 e5 5. c3 Be7 6. h3 h6 7. Nbd2 Nd7 8. O-O
Ngf6 9. Re1 g5 10. Nf1 Nf8 11. N3h2 Ng6 12. Ng3 Nf4 13. Bf1 h5 14. Nf5 Bf8 15.
g3 Rg8 16. gxf4 gxf4+ 17. Kh1 Nxe4 18. Rxe4 Bxf5 19. Re1 O-O-O 20. Qxh5 Bg6 21.
Qf3 f5 22. Bxf4 exf4 23. Qxf4 Qh7 24. Bg2 Bf7 25. Re3 Bh6 26. Qh4 f4 27. Re7
Rg7 28. Ng4 f3 29. Bxf3 Qf5 30. Qg3 Bd5 31. Rxg7 Bxf3+ 32. Kg1 Bxg7 33. Re1 Rd7
34. Ne3 Qf7 35. Ng4 Bd5 36. f4 Bxa2 37. h4 Be6 38. Ne3 Bh6 39. Ng2 Qh7 40. Rxe6
Rg7 41. Qf2 Bxf4 42. Qxf4 Rxg2+ 43. Kxg2 Qg8+ 44. Kh3 Qxe6+ 45. Qg4 Kd7 46. h5
Qxg4+ 47. Kxg4 Ke6 48. Kg5 Kf7 49. Kf5 a5 50. h6 c5 51. dxc5 dxc5 52. Ke5 b5
53. Kd5 b4 54. Kxc5 bxc3 55. bxc3 Kg6 56. Kb5 Kxh6 57. Kxa5 Kg5 58. Kb6 Kf6 59.
c4 Ke6 60. c5 Kd7 61. Kb7 1-0